000 01058nab a22002417a 4500
999 _c6276
_d6276
003 OSt
005 20260128210308.0
008 190514b xxu||||| |||| 00| 0 spa d
040 _cPJ
100 _96671
_aFonollosa, Rocío
245 1 0 _aDe la tutela a la adopción plena :
_bla voz adolescente y el lenguaje claro en la justicia de la(s) familia(s) /
_cRocío Fonollosa.
300 _ap. 200-209
500 _aCita: TR LALEY AR/DOC/2713/2025.
505 _aSumario: I. Introducción.— II. Antecedentes del caso.— III. Desarrollo.— IV. Palabras finales.
505 _tFallo comentado: JFamilia, Niñez y Adolescencia Nro. 1 Neuquén ~ 31/03/2025 ~ G. D. s/ adopción.
650 0 _9967
_aDERECHO DE FAMILIA
650 0 _9974
_aADOPCIÓN
650 0 _95790
_aLENGUAJE CLARO
650 0 _95662
_aADOLESCENTES
650 0 _91057
_aJURISPRUDENCIA APLICABLE
773 0 _02844
_93222
_dBuenos Aires : AbeledoPerrot, 1989-
_tDerecho de familia. Revista Interdisciplinaria de doctrina y jurisprudencia. Diciembre 2025-VI.
_z18511201
942 _2udc
_cANA